000 00421nam a2200157 i 4500
001 bg
100 1 _aLINDQUIST, M.
245 0 _aPa Svenska :
_bpodręcznik do nauki języka szwedzkiego dla początkujących /
_cM. Lindquist, M. Stypińska.
250 _aWyd.4.
260 _aWarszawa,
_c1977.
700 1 _aSTYPIŃSKA, M.
040 _cBPK
041 _apol
942 _cKS
008 s pl f |000 0 pol
999 _c5336
_d5336
856 _uhttp://koha.tu.koszalin.pl/cgi-bin/koha/opac-detail.pl?biblionumber=5336
_yKatalog online BPK